latin quiz for yearlies #1 - Statistics

General Stats
  • This quiz has been taken 18 times
  • The average score is 9 of 20
Answer Stats
prompt Answer % Correct
singular, 1st declension, genitive -ae
91%
case for the object of the sentence accusative
82%
indicative, 2nd conjugation, passive plural -entur
73%
vill_ Marcum incendit. a
45%
Cornelius canem _st ē
45%
infinitive of est, sunt esse
45%
case that signifies possession genitive
45%
definition of dat give
45%
case for the subject of the sentence nominative
45%
habetne Ryanus cerebrum? non
45%
indicative is used for statements and _ questions
45%
which active infinitive has no macron 3rd
36%
what conjugation is 'sumit'? 3rd
36%
Quintus vill__ incendit am
36%
singular, 3rd declension, accusative -em
36%
plural, 3rd declension, dative -ibus
36%
imperative, 4th conjugation, plural -ite
36%
plural, 2nd declension masculine, nominative -us
36%
opposite of vendit emit
27%
nominative neuter pronoun for 'this' hoc
27%
No matching quizzes found
Score Distribution
Percent of People with Each Score
Percentile by Number Answered
Your Score History
You have not taken this quiz